MARC

LEADER 00000nam0a2200000 4500
001 371096
005 20260219102922.0
035 |a (RuTPU)RU\TPU\retro\28505 
090 |a 371096 
100 |a 20220915d1977 m y0rusy50 ca 
101 0 |a rus 
102 |a RU 
105 |a a j 001zy 
200 1 |a Ядерная технология  |e конспект лекций  |f В. П. Шведов  |g Ленинградский технологический институт им. Ленсовета 
210 |a Ленинград  |c [Б. и.]  |d 1977 
215 |a 48 с.  |c ил. 
320 |a Библиогр.: с. 46 
606 1 |a Ядерная технология  |2 stltpush  |3 (RuTPU)RU\TPU\subj\21559  |9 46523 
610 1 |a реакторные процессы 
610 1 |a ядерно-физические основы 
610 1 |a реакторы 
610 1 |a устройство 
610 1 |a ядерные процессы 
610 1 |a лекции 
610 1 |a учебные пособия 
675 |a 621.039.5.002(075.8)  |v 4 
700 1 |a Шведов  |b В. П.  |g Владимир Петрович 
712 0 2 |a Ленинградский технологический институт им. Ленсовета  |c 1946-1993  |2 stltpush  |3 (RuTPU)RU\TPU\col\1462  |9 23567 
801 1 |a RU  |b 63413507  |c 20220915 
942 |c BK